000
00318nam a22001217a 4500
999
_c
7681
_d
7681
008
190227b ||||| |||| 00| 0 eng d
100
_a
Tobgay, Tshering
245
_a
Jouranl of the Bhutan Ecological Society.
260
_a
Thimphu ;
_c
2018.
300
_a
100 p.
_b
ill.
_c
25 cm.
700
_a
Wangmo, Kuenga
942
_2
ddc